Fr. Conceicao Rodrigues College of Engineering

Junior Draughtmans Text Book No.22 (Record no. 29026)

MARC details
000 -LEADER
fixed length control field 00308nam a2200133Ia 4500
100 ## - MAIN ENTRY--PERSONAL NAME
Personal name Machinery yellow back series
245 ## - TITLE STATEMENT
Title Junior Draughtmans Text Book No.22
260 ## - PUBLICATION, DISTRIBUTION, ETC.
Name of publisher, distributor, etc. Machinery Publication & co
Date of publication, distribution, etc. 2001
300 ## - PHYSICAL DESCRIPTION
Extent 72
546 ## - LANGUAGE NOTE
Language note ENGLISH
654 ## - SUBJECT ADDED ENTRY--FACETED TOPICAL TERMS
Focus term Draughtman
942 ## - ADDED ENTRY ELEMENTS (KOHA)
Koha item type BOOK
Holdings
Withdrawn status Lost status Damaged status Not for loan Collection Home library Current library Date acquired Total Checkouts Full call number Barcode Date last seen Price effective from Koha item type
        AFT Fr. Agnel's C.Rodrigues College of Engineering Fr. Agnel's C.Rodrigues College of Engineering 17/03/2023   AFT413 17/03/2023 17/03/2023 BOOK